000
00336nam a22001457a 4500
008
230317b ||||| |||| 00| 0 eng d
020
_a
9781111351960
041
_a
eng
080
_2
SEVENTH EDITION
_a
159.9
082
_a
159.9KOS
100
_a
25
101
_a
PSI
245
_a
GUIDING CHILDREN'S
_c
KOSTELNIK.J.M
942
_2
udc
_c
BK
999
_c
59377
_d
59377